Competition Success Review year book 2013 / (Record no. 75194)
[ view plain ]
| 000 -LEADER | |
|---|---|
| fixed length control field | 00793nam a22002177a 4500 |
| 005 - DATE AND TIME OF LATEST TRANSACTION | |
| control field | 20130507151239.0 |
| 010 ## - LCCN (DPL NO) | |
| LC control number | B-497895-907 |
| 020 ## - INTERNATIONAL STANDARD BOOK NUMBER | |
| Terms of availability | 325.00 |
| 035 ## - SYSTEM CONTROL NUMBER | |
| System control number | B-497895-907 |
| 037 ## - SOURCE OF ACQUISITION | |
| Stock number | dpl |
| Source of stock number/acquisition | Kalpana Book Distributors |
| 082 ## - DEWEY DECIMAL CLASSIFICATION NUMBER | |
| Classification number | 050 |
| 245 ## - TITLE STATEMENT | |
| Title | Competition Success Review year book 2013 / |
| Statement of responsibility, etc | edited by S.K. Sachdeva |
| 246 ## - VARYING FORM OF TITLE | |
| Title proper/short title | Competition Success Review |
| 260 ## - PUBLICATION, DISTRIBUTION, ETC. (IMPRINT) | |
| Place of publication, distribution, etc | New Delhi |
| Name of publisher, distributor, etc | Competition Review Pvt. Ltd. |
| Date of publication, distribution, etc | 2013 |
| 270 ## - ADDRESS | |
| Address | 604 Prabhat Kiran, Rajendra place, |
| City | New Delhi |
| Postal code | 110008 |
| 300 ## - PHYSICAL DESCRIPTION | |
| Extent | 982p. |
| Dimensions | 22cm |
| Other physical details | ill., maps , photos |
| 500 ## - GENERAL NOTE | |
| General note | Latest wall maps of India and world |
| 700 ## - ADDED ENTRY--PERSONAL NAME | |
| Dates associated with a name | Sachdeva,S.K |
| 942 ## - ADDED ENTRY ELEMENTS (KOHA) | |
| Source of classification or shelving scheme | Dewey Decimal Classification |
| Item type | English Books |
| Call number suffix | COM |
| Classification part | 050 |
| Withdrawn status | Lost status | Not for loan | Collection code | Home library | Current library | Date acquired | Source of acquisition | Cost, normal purchase price | Full call number | Barcode | Copy number | Cost, replacement price | Koha item type | Public note |
|---|---|---|---|---|---|---|---|---|---|---|---|---|---|---|
| Not For Loan | Reference | Bagh Kadhe Khan | Bagh Kadhe Khan | 07/05/2013 | KBD/BL13/11-3-13/159/21-2-13/15-3-13 | 325.00 | 050 COM | B-497901 | 1 | 325.00 | English Books | |||
| Written-off vide DLB M. No. 383 dt 16.05.19 | Not For Loan | Reference | Bawana | Bawana | 07/05/2013 | KBD/BL13/11-3-13/159/21-2-13/15-3-13 | 325.00 | 050 COM | B-497903 | 1 | 325.00 | English Books | ||
| Not For Loan | Reference | Central Library | Central Library | 07/05/2013 | KBD/BL13/11-3-13/159/21-2-13/15-3-13 | 325.00 | 050 COM | B-497895 | 1 | 325.00 | English Books | |||
| Not For Loan | Reference | Janak Puri | Janak Puri | 07/05/2013 | KBD/BL13/11-3-13/159/21-2-13/15-3-13 | 325.00 | 050 COM | B-497897 | 1 | 325.00 | English Books | |||
| Written off | Not For Loan | Reference | Kadipur | Kadipur | 07/05/2013 | KBD/BL13/11-3-13/159/21-2-13/15-3-13 | 325.00 | 050 COM | B-497906 | 1 | 325.00 | English Books | Written off on approval by DLB (By Circulation); dtd 20.12.2022 | |
| Not For Loan | Reference | Karol Bagh | Karol Bagh | 07/05/2013 | KBD/BL13/11-3-13/159/21-2-13/15-3-13 | 325.00 | 050 COM | B-497899 | 1 | 325.00 | English Books | |||
| Not For Loan | Reference | Katevara | Katevara | 07/05/2013 | KBD/BL13/11-3-13/159/21-2-13/15-3-13 | 325.00 | 050 COM | B-497904 | 1 | 325.00 | English Books | |||
| Not For Loan | Reference | Mundaka | Mundaka | 07/05/2013 | KBD/BL13/11-3-13/159/21-2-13/15-3-13 | 325.00 | 050 COM | B-497905 | 1 | 325.00 | English Books | |||
| Not For Loan | Reference | Narela | Narela | 07/05/2013 | KBD/BL13/11-3-13/159/21-2-13/15-3-13 | 325.00 | 050 COM | B-497902 | 1 | 325.00 | English Books | |||
| Written off | Written-off vide DLB M. No. 388 dt 23.02.22 | Not For Loan | Reference | New Rohtak Road | New Rohtak Road | 07/05/2013 | KBD/BL13/11-3-13/159/21-2-13/15-3-13 | 325.00 | 050 COM | B-497900 | 1 | 325.00 | English Books | |
| Not For Loan | Reference | Patel Nagar | Patel Nagar | 07/05/2013 | KBD/BL13/11-3-13/159/21-2-13/15-3-13 | 325.00 | 050 COM | B-497896 | 1 | 325.00 | English Books | |||
| Not For Loan | Reference | Sarojini Nagar | Sarojini Nagar | 07/05/2013 | KBD/BL13/11-3-13/159/21-2-13/15-3-13 | 325.00 | 050 COM | B-497898 | 1 | 325.00 | English Books | |||
| Not For Loan | Reference | Shahdara Branch | Shahdara Branch | 07/05/2013 | KBD/BL13/11-3-13/159/21-2-13/15-3-13 | 325.00 | 050 COM | B-497907 | 1 | 325.00 | English Books |
